Rethinking sociology : a critique of contemporary theory (Record no. 356654)

000 -LEADER
fixed length control field 00346cam a22001217a 4500
008 - FIXED-LENGTH DATA ELEMENTS--GENERAL INFORMATION
fixed length control field 180718b1987 xxu||||| |||| 00| 0 eng d
082 ## - DEWEY DECIMAL CLASSIFICATION NUMBER
Classification number B1 Z37
100 ## - MAIN ENTRY--PERSONAL NAME
Personal name Zeitlin, Irving M.
245 ## - TITLE STATEMENT
Title Rethinking sociology : a critique of contemporary theory
Statement of responsibility, etc. by Irving M. Zeitlin
260 ## - PUBLICATION, DISTRIBUTION, ETC.
Place of publication, distribution, etc. Jaipur
Name of publisher, distributor, etc. Rawat
Date of publication, distribution, etc. 1987
300 ## - PHYSICAL DESCRIPTION
Extent 263p.
650 ## - SUBJECT ADDED ENTRY--TOPICAL TERM
Topical term or geographic name entry element Sociology
Holdings
Withdrawn status Lost status Damaged status Not for loan Permanent Location Current Location Date acquired Total Checkouts Full call number Barcode Date last seen Date last checked out Price effective from Koha item type
        Indian Institute of Public Administration Indian Institute of Public Administration 1994-01-07 1 B1 Z37 63593 2019-09-16 2019-08-16 2018-07-21 Book

Powered by Koha